| 000 | 00533nam a2200181 a 4500 | ||
|---|---|---|---|
| 005 | 20210219150003.0 | ||
| 008 | 991125s1934 fr 000 0 fre u | ||
| 035 | _aUPN01000005171 | ||
| 049 | _aCG | ||
| 050 | 4 |
_aHM213 _bA93 |
|
| 245 | 0 | 2 |
_aL'avenir de l'esprit européen / _cJulien Benda ... [et al.]. |
| 260 |
_aParís : _bInstitut International de Coopération Intellectuelle, _c1934. |
||
| 300 | _a305 p. | ||
| 440 | 0 |
_aEntretiens ; _v3 |
|
| 650 | 4 |
_aINTELECTUALES - _zEUROPA |
|
| 700 | 1 |
_aBenda, Julien, _ecoaut. |
|
| 905 | _aLibro | ||
| 999 |
_c5171 _d5171 |
||